00341nam a2200133Ia 4500008004100000020001500041082001300056100001700069245003800086260003000124300001300154500002400167650001600191230524s9999 xx 000 0 und d a8178672677 a510bJEF aAlan Jeffrey 0aAdvanced Engineering Mathematics aNEW DELHIbAcademicc2003 aXIX;1160 aQuantity Number: 1 aMathematics